000 00525nam a22001817a 4500
003 ost
005 20140310182520.0
008 130810t xxu||||| |||| 00| 0 eng d
020 _a9789715848718
050 _aQR 67
_b.B292 2009
100 _aBartolome, Fe A.
245 _aMicrobiology and Parasitology /
_cFe A. Bartolome; Elizabeth P. Quiles
260 _aQuezon City :
_bC & E Publishing, Inc.,
_c2009.
300 _a323 p. :
_b(some col.) ill. ;
_c26 cm.
521 _aNUR
942 _2lcc
_cBK
_kLOC
999 _c14006
_d14006